Flash 5 fast and easy web development / (Record no. 62742)

MARC details
000 -LEADER
fixed length control field 00551nam a22001577a 4500
005 - DATE AND TIME OF LATEST TRANSACTION
control field 20120214134056.0
020 ## - INTERNATIONAL STANDARD BOOK NUMBER
International Standard Book Number 8120318161
Terms of availability 325.00
035 ## - SYSTEM CONTROL NUMBER
System control number B-63236
037 ## - SOURCE OF ACQUISITION
Stock number DPL
Source of stock number/acquisition ENG
100 ## - MAIN ENTRY--PERSONAL NAME
Personal name Design, Howie Green
245 ## - TITLE STATEMENT
Title Flash 5 fast and easy web development /
Statement of responsibility, etc by Howie Green Design
260 ## - PUBLICATION, DISTRIBUTION, ETC. (IMPRINT)
Place of publication, distribution, etc New Delhi
Name of publisher, distributor, etc PHI
Date of publication, distribution, etc 2001
300 ## - PHYSICAL DESCRIPTION
Extent xx, 330p.
Dimensions 24 cms.
942 ## - ADDED ENTRY ELEMENTS (KOHA)
Source of classification or shelving scheme Dewey Decimal Classification
Item type English Books
Classification part 005.754
Call number suffix DES
Holdings
Withdrawn status Lost status Not for loan Collection code Home library Current library Date acquired Cost, normal purchase price Full call number Barcode Cost, replacement price Koha item type Public note
      Non-fiction Sarojini Nagar Sarojini Nagar 14/02/2012 325.00 005.754 DES B-63236 325.00 English Books Withdrawn List Prepared L.No.07/23

© Delhi Public Library
Hit Counter
free hit counter